Statistics for guess the rapper by the song 2023

Click here to take the quiz!

General Stats

  • This quiz has been taken 727 times
  • The average score is 21 of 164

Answer Stats

HintAnswer% Correct
creepin, blinding lights, starboythe weeknd
90%
praise god, heartless, flashing lightskanye west
78%
ASTROTHUNDER, pick up the phone, way backtravis scott
75%
one dance, champagne poetry, jungledrake
73%
my way, trap queen, 679fetty wap
72%
suge, practice, vibezdababy
67%
glock in my lap, runnin, 10 freaky girls21 savage
65%
pure cocaine, low down, drip too hardlil baby
61%
family ties, ORANGE SODA, 16baby keem
60%
p power, south to west, drip or drowngunna
54%
united in grief, N95, king kuntakendrick lamar
52%
love scars, the grinch, taking a walktrippie redd
52%
in da club, many men, 21 questions50 cent
45%
black beatles, this could be us, swangrae sremmurd
45%
why i love you, numb/encore, empire state of mindjay-z
44%
mad max, laugh now cry later, broadway girlslil durk
42%
narrow road, shotta flow, camelotnle choppa
42%
mind on my murder, mama cry, butter pecanynw melly
38%
puffin on zooties, 712pm, jumpmanfuture
35%
hotel lobby, flip the switch, rerunquavo
35%
metro spider, go crazy, sup mateyoung thug
35%
middle child, amari, fire squadj.cole
34%
phone home, mona lisa, lollipoplil wayne
34%
titanic, wishing well, banditjuicewrld
32%
what you know bout love, invicible, elementpop smoke
32%
hate bein sober, faneto, yes sirchief keef
30%
see you again, DOGTOOTH, NEW MAGIC WANDtyler the creator
30%
make no sense, outside today, lil topyoungboy never broke again
30%
how did i get here, clout , red roomoffset
29%
ballin, every season, war babyroddy ricch
29%
fuck love, true love, revengexxxtentacion
27%
superman, without me, no loveeminem
25%
location, shoota, @mehplayboi carti
25%
dnd, 33 , 21polo g
25%
calling my phone, run it up, F.Nlil tjay
24%
top, celebration station, new pateklil uzi vert
22%
mo bamba, WESPN, Gmailsheck wes
22%
i get the bag, rumors, king snipegucci mane
21%
no idea, private landing, after partydon toliver
19%
first class, whats poppin, tyler herrojack harlow
18%
hit em up, california love, changestupac
18%
i love, isis, your heartjoyner lucas
17%
big poppa, juicy, hypnotizethe notorious big
17%
casper, to the bone, insomniatakeoff
16%
nothin but a G gang, drop it like its hot, gin and juicesnoop dogg
15%
the next episode, whats the difference, forgot about dredr dre
13%
ptsd, T.O.P., lawyer feesG herbo
13%
baby wyd, wickman, wicked freestylenardo wick
13%
4am, we own it, its a vibe2chainz
12%
crazy story, dont play that, still trappinking von
12%
city of gods, headshot, m3fivio foreign
11%
it was a good day, you know how we do it, no vaselineice cube
11%
dreams and nightmares, goinng bad, sharing locationsmeek mill
11%
sundress, everyday, LVLa$ap rocky
10%
clout cobain, x-wing, walkindenzel curry
10%
panda, tiimy turner, outletdesiigner
10%
all the sudden, boss, flex like ouulil pump
10%
eazy, hate it or love it, how we dothe game
10%
6locc 6a6y, gang unit, out my bodylil loaded
9%
nowadays, creeping, lustlil skies
9%
GOD DID, the devil is a lie, devil in a new dressrick ross
9%
KEKE, BEBE, MALA6ix9ine
8%
weatherman, lot of me, choppa shoot the loudestlil tecca
8%
change my ways, roll in peace, no flockinkodak black
7%
noticed, kamikaze, G Walklil mosey
6%
yae energy, peek a boo, polandlil yachty
6%
quicksand, high price, bad situationsmorray
6%
back in blood, see red, switch it uppooh shiesty
6%
cooped up, i like you, circlespost malone
6%
the race, saran pack, megamantay-k
6%
love again, WITHOUT YOU, thousand milesthe kid laroi
6%
grace, 4 da gang, maybach42 dugg
5%
bounce back, lithuania, i knowbig sean
5%
disrespectful, first class, bussdownblueface
5%
surround sound, just in time, dance nowjid
5%
unbothered, faucet failure, take a step backski mask the slump god
5%
EA, umbrella, hell shellyoung nudy
5%
all the way up, no stylist, welcome to the partyfrench montana
4%
GOSHA, doja, like me$not
4%
rack city, dope, hookahtyga
4%
get away, 1 scale, 100 shotsyoung dolph
4%
mood, VALENTINO, CITY OF ANGELS24kgoldn
3%
plain jane, WAM, work REMIXa$ap ferg
3%
swervin, take shots, new yorka boogie wit da hoodie
3%
bobby bitch, shmoney, living lifebobby shmurda
3%
party up, where the hood it, ruff ryders anthemdmx
3%
pick it up, JAPAN, hoes madfamous dex
3%
love is only a feeling, show me, TEMPTATIONjoey badass
3%
PSA, is ya ready, being honestkay flock
3%
show out, the scott, mr.ragerkid cudi
3%
nameless, snake, all i wanna knowlil keed
3%
cap freestyle, NO SNITCHING, loyaltylil mabu
3%
rapp snitch knishes, doomsday, one beermf doom
3%
quickie, time today, love it heremoneybagg yo
3%
dont need friends, dead shot, championnav
3%
dont like.1, scrape it off, what would meek do?pusha t
3%
collard greens, man of the year, studioschoolboy q
3%
love songs, pretty little fears, OTW6lack
2%
holy, all my friends, no problemchance the rapper
2%
moonwalking in calabasas, elon musk, 9 livesddg
2%
THROW, letter 2 notti, without youdd osama
2%
backstage passes, real as it gets, everybody shooters tooest gee
2%
emotions, sick and tired, gone girliann dior
2%
ambition for cash, gang shit no lame shit, russian creamkey glock
2%
betrayed, slingshot, live or dielil xan
2%
dead friends, new freezer, splashinrich the kid
2%
audi, do not disturb, nephewsmokepurpp
2%
hell yeah, knock knock, mp5sofaygo
2%
the color violet, broke in a minute, say ittory lanez
2%
rubbin off the paint, wake up, oppa stoppaybn nahmir
2%
pose, down in the dm, rake it upyo gotti
2%
sleazy, life of the party, long way to goandre3000
1%
trappin n rappin, soIcyBoyz 2, make a playbig scarr
1%
look alive, rover 2.0, peach jamblocboy jb
1%
tell em, POCKET ROCKET, hatchbackcochise
1%
solved the prolem, walk, bandscomethazine
1%
RNP, killer, kung fucordae
1%
how you feel?, E-ER, florida waterdanny towers
1%
psa, so what, 3am freestyledc the don
1%
chum, sunday, shattered dreamsearl sweatshirt
1%
the blinding, exhibit C, fruits of the spiritjay electronica
1%
shook ones pt2, survival of the fittest, give up the goodsmobb deep
1%
regulate, nobody does it better, party we will throw nownate dogg
1%
flex, ride out, type outrich homie quan
1%
weight on me, molly, no suburban pt2sheff g
1%
sleazy flow, troll me, step 1sleazyworld go
1%
wild irish roses, 90 proof, Z4Lsmino
1%
thrax, calabasas, MIAssgkobe
1%
go stupid, UP THE SMOKE, NO DRIBBLEstunna 4 vegas
1%
water, one two, back to the basicsugly god
1%
327, brand new 911, love uwestside gunn
1%
slide, who do you love?, bicken back being boolyg
1%
savage, aint on one, out of time21 lil harold
0%
shangai, the god hour, 3am in new orleansa$ap ant
0%
ladies hit squad, designer boi, ghost ridea$ap nast
0%
jus lef phoenix, little after sunset, new beginningsa$ap twelvyy
0%
allegations, neighbors, monday to sundaybig30
0%
circle k, poppin, came from the bottombigwalkdog
0%
dont cha, i know what you want, break ya neck,busta rhymes
0%
envy me, chariot, carolinecalboy
0%
the people, invocation, GOcommon
0%
handsome, russia, perfectdave east
0%
water, weekend, freestyle 8dee mula
0%
ROLANDO, ROLLIN N CONTROLLIN, GRABBAdusty locane
0%
choices, u and dat, tell me when to goE-40
0%
MOLLY, 1017 freestyle, MENACEfoogiano
0%
voo doo, play with me, bibby storyfoolio
0%
dragonball durag, Lo Lo, BALIguapdad4000
0%
PICASSO, born with it, nauseousjay critch
0%
kings dead, wow freestyle, OSOMjay rock
0%
bandz a make her dance, shell shocked, representjuicy j
0%
onna come up, freestyle, spinninlil eazzyy
0%
battle scars, superstar, the show goes onlupe fiasco
0%
under the sun, burn bridges, GEDlute
0%
uber everywhere, move ya hips, HUNNIDDOLLAmadeintyo
0%
let it blow, expôsing me, do it for vonmemo600
0%
HOME, NO TRENDS, BACKROOMmike dimes
0%
waddup, its nuk, we droppinpgf nuk
0%
bullseye 2, keep dissing 2, everybodyreal boston richey
0%
computers, 9 bridge, we on itrowdy rebel
0%
set me free, amen , cost to be aliverylo rodriguez
0%
first day out, no effort, robberytee grizzley
0%
x, my name, alkaholikxzibit
0%
off the leash, bitch im joe biden, quikkskopeyvngxchris
0%

Score Distribution

Percentile by Number Answered

Percent of People with Each Score

Your Score History

You have not taken this quiz